000 003960000a22001570004500
005 20120302063350.0
942 _cBOOK
100 _a SATYANANDA SARASWATI
245 _a YOGA NIDRA
250 _a 6 TH(Rev)
260 _aMUNGER : YOGA PUBLICATION TRUST ,2001
300 _a261 P.
040 _aENG
365 _bRS.100/-
650 _aYOGA / RELAXATION / YOGA NIDRA / DREAMA / MIND / STRESS
999 _c359318
_d359315